000
00295nam a2200121Ia 4500
008
231129s9999||||xx |||||||||||||| ||spa||
082
_a
OEM- 1729
100
_a
Moones Hussein ... [et al.]
245
0
_a
El Canal de Suez
260
_c
195
264
_a
[s.l.]: [s.no.] 195?
942
_2
ddc
_c
BKS
999
_c
10468
_d
10468